Southville International School and Colleges
Your cart is empty.
  • Cart
  • Lists
    Public lists Eva Luna New books Lux_list list_1
    Your lists Log in to create your own lists
  • Log in to your account
  • Your cookies
  • Search history
Southville International School and Colleges
  • Advanced search
  • Recent comments
  • Most popular
  • Libraries

Log in to your account

Log in with GOOGLE


If you do not have an external account, but do have a local account, you can still log in:

  1. Home
  2. MARC view: Harrison's endocrinology /
Normal view MARC view ISBD view

Harrison's endocrinology / (Record no. 13793)

[ view plain ]
MARC details
000 -LEADER
fixed length control field 01282cam a22003854a 4500
001 - CONTROL NUMBER
control field 15966889
003 - CONTROL NUMBER IDENTIFIER
control field OSt
005 - DATE AND TIME OF LATEST TRANSACTION
control field 20140310182500.0
008 - FIXED-LENGTH DATA ELEMENTS--GENERAL INFORMATION
fixed length control field 091028s2010 nyua b 001 0 eng
010 ## - LIBRARY OF CONGRESS CONTROL NUMBER
LC control number 2009045956
020 ## - INTERNATIONAL STANDARD BOOK NUMBER
International Standard Book Number 9780071741446 (pbk. : alk. paper)
020 ## - INTERNATIONAL STANDARD BOOK NUMBER
International Standard Book Number 0071741445 (pbk. : alk. paper)
035 ## - SYSTEM CONTROL NUMBER
System control number (OCoLC)ocn465680742
040 ## - CATALOGING SOURCE
Original cataloging agency DNLM/DLC
Transcribing agency DLC
Modifying agency YDXCP
-- C#P
-- CDX
-- DLC
042 ## - AUTHENTICATION CODE
Authentication code pcc
050 00 - LIBRARY OF CONGRESS CALL NUMBER
Classification number RC 648
Item number .H27 2010
060 10 - NATIONAL LIBRARY OF MEDICINE CALL NUMBER
Classification number WK 140
Item number H323 2010
245 00 - TITLE STATEMENT
Title Harrison's endocrinology /
Statement of responsibility, etc editor, J. Larry Jameson.
246 30 - VARYING FORM OF TITLE
Title proper/short title Endocrinology
250 ## - EDITION STATEMENT
Edition statement 2nd ed.
260 ## - PUBLICATION, DISTRIBUTION, ETC. (IMPRINT)
Place of publication, distribution, etc New York :
Name of publisher, distributor, etc McGraw-Hill Medical,
Date of publication, distribution, etc c2010.
300 ## - PHYSICAL DESCRIPTION
Extent 549 p. :
Other physical details col. ill. ;
Dimensions 28 cm.
500 ## - GENERAL NOTE
General note Includes bibliographical references and index.
650 #0 - SUBJECT ADDED ENTRY--TOPICAL TERM
Topical term or geographic name as entry element Endocrinology.
9 (RLIN) 8488
650 #0 - SUBJECT ADDED ENTRY--TOPICAL TERM
Topical term or geographic name as entry element Endocrine glands
General subdivision Diseases.
9 (RLIN) 8602
650 #0 - SUBJECT ADDED ENTRY--TOPICAL TERM
Topical term or geographic name as entry element Metabolism
General subdivision Disorders.
9 (RLIN) 8603
650 #2 - SUBJECT ADDED ENTRY--TOPICAL TERM
Topical term or geographic name as entry element Endocrine System Diseases.
9 (RLIN) 8604
650 #2 - SUBJECT ADDED ENTRY--TOPICAL TERM
Topical term or geographic name as entry element Metabolic Diseases.
9 (RLIN) 8605
700 1# - ADDED ENTRY--PERSONAL NAME
Personal name Jameson, J. Larry.
9 (RLIN) 8606
730 0# - ADDED ENTRY--UNIFORM TITLE
Uniform title Harrison's principles of internal medicine.
9 (RLIN) 8607
906 ## - LOCAL DATA ELEMENT F, LDF (RLIN)
a 7
b cbc
c orignew
d 1
e ecip
f 20
g y-gencatlg
942 ## - ADDED ENTRY ELEMENTS (KOHA)
Source of classification or shelving scheme Library of Congress Classification
Koha item type
Holdings
Withdrawn status Lost status Source of classification or shelving scheme Damaged status Home library Current library Shelving location Date acquired Total Checkouts Full call number Barcode Date last seen Copy number Price effective from Koha item type
    Library of Congress Classification   South SEED-LPDH College Library South SEED-LPDH College Library South SEED-LPDH College Section 08/06/2013   RC 648 .H27 2010 SSLC0258 05/15/2018 1 08/06/2013 Books

Harrison's endocrinology /

APA

Jameson J. L., . (2010). Harrison's endocrinology. New York: McGraw-Hill Medical.

Chicago

Jameson J Larry, . 2010. Harrison's endocrinology. New York: McGraw-Hill Medical.

Harvard

Jameson J. L., . (2010). Harrison's endocrinology. New York: McGraw-Hill Medical.

MLA

Jameson J Larry, . Harrison's endocrinology. New York: McGraw-Hill Medical. 2010.

  • Place hold
  • Print
  • Cite
  • Add to your cart (remove)
  • Save record
    BIBTEX Dublin Core MARCXML MARC (non-Unicode/MARC-8) MARC (Unicode/UTF-8) MARC (Unicode/UTF-8, Standard) MODS (XML) RIS
  • More searches
    Search for this title in:
    Other Libraries (WorldCat) Other Databases (Google Scholar) Online Stores (Bookfinder.com) Open Library (openlibrary.org)

Exporting to Dublin Core...

SOUTHVILLE LIBRARY

Southville International School and Colleges Library

1281 Tropical Ave. Cor. Luxembourg St., BF Homes International, Las Pinas City

Tel. No. 8256374 / 252358 Loc. 117/146

Powered by Koha